00852cam a2200241 a 45000010008000000030004000080050017000120080041000290100017000700200015000870400018001020430012001200820015001322450109001472600044002563000033003004400045003335040041003786500080004196510056004997000027005557000028005821595847OSt20230703163846.0940303s1994 dcua b i000 0 eng  a 94009664  a0821327879 aDLCcDLCdDLC afb-----00a339.5bHUS00aAdjustment in Africa :blessons from country case studies /cedited by Ishrat Husain and Rashid Faruqee. aWashington, D.C. :bWorld Bank,cc1994. aix, 436 p. :bill. ;c24 cm. 0aWorld Bank regional and sectoral studies aIncludes bibliographical references. 0aStructural adjustment (Economic policy)zAfrica, Sub-SaharanvCase studies. 0aAfrica, Sub-SaharanxEconomic policyvCase studies.1 aHusain, Ishrat,d1941-1 aFaruqee, Rashid,d1938-